| 000 | 01152nam a22003377a 4500 | ||
|---|---|---|---|
| 003 | CHAP | ||
| 005 | 20220329141728.0 | ||
| 008 | 971013s1984 r 00010 d | ||
| 010 | _a72905 | ||
| 011 | _a73877 | ||
| 035 | _a83435 | ||
| 040 | _cCHAP | ||
| 090 | _aTesis | ||
| 100 | 0 | 0 |
_aCantú Brito, Jesús Enrique. _918484 |
| 245 | _aSistema de evaluación y manejo integral para predios ganaderos del sur de Coahuila | ||
| 260 |
_aBuenavista, Saltillo : _bEl autor, _c1984 |
||
| 300 | _a108 h. | ||
| 502 | _aTesis (M. C. Esp. en Ciencia animal) -- Univ. Autónoma Agraria "Antonio Narro" | ||
| 590 |
_aALEPH _b10 _c20130110 _lUCH01 _h1414 |
||
| 590 |
_aBATCH-UPD _b10 _c20130110 _lUCH01 _h0052 |
||
| 590 |
_aBATCH-UPD _b10 _c20130110 _lUCH01 _h1250 |
||
| 590 |
_aBATCH-UPD _b10 _c20130409 _lUCH01 _h2040 |
||
| 590 |
_aBATCH-UPD _b10 _c20130410 _lUCH01 _h0812 |
||
| 590 |
_aBATCH-UPD _b10 _c20130914 _lUCH01 _h0834 |
||
| 590 |
_aCONVERSION _b10 _c20130109 _lUCH01 _h1340 |
||
| 650 | 1 | 4 |
_aGanadería _xCoahuila. _944672 |
| 650 | 1 | 4 |
_aPolítica ganadera _xCoahuila. _990625 |
| 901 | _aBK | ||
| 942 | _cTESIS | ||
| 949 |
_bBC _cTES _d-38011 _eTS1 _h19552 _i83435 _si |
||
| 999 |
_c72905 _d72905 |
||